| 000 | 00365nam a2200145Ia 4500 | ||
|---|---|---|---|
| 008 | 230917s9999||||xx |||||||||||||| ||und|| | ||
| 040 |
_e36939 _aMAIN |
||
| 041 | _aEnglish | ||
| 082 | _a954.03 A53R | ||
| 100 | _aAllan, Charles | ||
| 245 | 0 | _aRaj: A scrapbook of British India 1877-1947 | |
| 260 |
_aLondon _bAndre Deutsch _c1978 |
||
| 300 | _a142 p. | ||
| 942 | _cBK | ||
| 999 |
_c39248 _d39248 |
||